=LDR 00000nam 2200000 4500 =001 INLIS000000000042667 =005 20131008015453 =008 ***********************************Ind** =035 ##$$0010-101300000000589 =041 ##$$a Ind =082 ##$$a 616.047 2 =090 ##$$a 616.047 2, Lil n =100 ##$$a Liliana Tarau =245 ##$$a Nyeri kronis : Pedoman terapi untuk praktik dokter, Liliana Tarau, Mechthilde Burst alih bahasa, Frans Dany : editor edisi bahasa indonesia, Wita J. Suwono =260 ##$$a 2011 $b Jakarta =300 ##$$a ix, 185 hlm., ilus, 21 cm =650 ##$$a Nyeri =700 ##$$a Mechthilde Burst =850 ##$$a NBPNMAT =990 ##$$a 0001/BPAP-NTB/20142014 =990 ##$$a 0001/BPAP-NTB/20142014 =990 ##$$a 1315013150 =990 ##$$a 01201713150 =990 ##$$a 0001/BPAP-NTB/20142014 =990 ##$$a 0001/BPAP-NTB/20142014